000 00425nam a2200181Ia 4500
005 20240823041148.0
008 240823s9999||||xx |||||||||||||| ||und||
041 _aURUDU
082 _A330.03 Q0
100 _aNational Council Urdu
245 0 _aEconomics
250 _a1st
260 _c2010
_bNational Council for Promotion of Urdu Lan
500 _aYES
650 _aUrdu
_bGeneral
942 _cBK
999 _c204836
_d204836